000
00458nam a2200169Ia 4500
008
100122s9999 xx 000 0 und d
082
_b
77252
_a
821
100
_a
बालकवी
245
_a
निवडक बालकवी
250
_a
1
260
_c
2009
300
_a
64
630
_a
निवडक बालकवी
700
_a
देशपांडे वामन
730
_a
निवडक बालकवी
942
_c
BOOK
999
_c
394255
_d
394252